000 00420nam a22001817a 4500
003 OSt
005 20120302152002.0
008 091210t xxu||||| |||| 00| 0 eng d
020 _a0-7064-1782-8
035 _a6795
040 _cENGLISH
100 _aWRIGHT, CAROL
_911195
245 _aTRAVELLER'S TREASURY : ITALY
250 _a1 ST
260 _aLONDON
_bOCTOPUS
_c1981
300 _b64 P.
942 _2ddc
_cBOOK
999 _c495879
_d495876